Southville International School and Colleges
Your cart is empty.
  • Cart
  • Lists
    Public lists Eva Luna New books Lux_list list_1
    Your lists Log in to create your own lists
  • Log in to your account
  • Your cookies
  • Search history
Southville International School and Colleges
  • Advanced search
  • Recent comments
  • Most popular
  • Libraries

Log in to your account

Log in with GOOGLE


If you do not have an external account, but do have a local account, you can still log in:

  1. Home
  2. MARC view: Logic and computer design fundamentals /
Normal view MARC view ISBD view

Logic and computer design fundamentals / (Record no. 294208)

[ view plain ]
MARC details
000 -LEADER
fixed length control field 00716nam a2200253Ia 4500
008 - FIXED-LENGTH DATA ELEMENTS--GENERAL INFORMATION
fixed length control field 160517s9999 xx 000 0 und d
020 ## - INTERNATIONAL STANDARD BOOK NUMBER
International Standard Book Number 981-4053-17-1
050 ## - LIBRARY OF CONGRESS CALL NUMBER
Classification number ComSc TK 7888.4
050 ## - LIBRARY OF CONGRESS CALL NUMBER
Item number .M36 2001
100 ## - MAIN ENTRY--PERSONAL NAME
Personal name Mano, M. Morris
245 ## - TITLE STATEMENT
Title Logic and computer design fundamentals /
245 ## - TITLE STATEMENT
Statement of responsibility, etc M. Morris Mano, Charles R. Kime.
250 ## - EDITION STATEMENT
Edition statement 2nd Edition
260 ## - PUBLICATION, DISTRIBUTION, ETC. (IMPRINT)
Place of publication, distribution, etc Singapore :
260 ## - PUBLICATION, DISTRIBUTION, ETC. (IMPRINT)
Name of publisher, distributor, etc Pearson Educ. Asia Pte. Ltd.,
260 ## - PUBLICATION, DISTRIBUTION, ETC. (IMPRINT)
Date of publication, distribution, etc 2001
300 ## - PHYSICAL DESCRIPTION
Extent 650 pages :
300 ## - PHYSICAL DESCRIPTION
Other physical details ill. ;
300 ## - PHYSICAL DESCRIPTION
Dimensions 24 cm.
500 ## - GENERAL NOTE
General note Includes bibliographical references and index.
650 ## - SUBJECT ADDED ENTRY--TOPICAL TERM
Topical term or geographic name as entry element Electronic digital computers -- Circuits.
650 ## - SUBJECT ADDED ENTRY--TOPICAL TERM
Topical term or geographic name as entry element Logic design.
650 ## - SUBJECT ADDED ENTRY--TOPICAL TERM
General subdivision Logic circuits.
Holdings
Withdrawn status Lost status Damaged status Home library Current library Shelving location Date acquired Cost, normal purchase price Total Checkouts Full call number Barcode Date last seen Price effective from Koha item type
      South Mansfield College South Mansfield College   03/07/2005 405.00   ComSc TK 7888.4 .M36 2001 SMC01803 05/17/2016 05/17/2016  

Logic and computer design fundamentals /

APA

Mano M. M., .Logic and computer design fundamentals. Singapore: .

Chicago

Mano M Morris, .Logic and computer design fundamentals. Singapore: .

Harvard

Mano M. M., .Logic and computer design fundamentals. Singapore: .

MLA

Mano M Morris, .Singapore: . .

  • Place hold
  • Print
  • Cite
  • Add to your cart (remove)
  • Save record
    BIBTEX Dublin Core MARCXML MARC (non-Unicode/MARC-8) MARC (Unicode/UTF-8) MARC (Unicode/UTF-8, Standard) MODS (XML) RIS
  • More searches
    Search for this title in:
    Other Libraries (WorldCat) Other Databases (Google Scholar) Online Stores (Bookfinder.com) Open Library (openlibrary.org)

Exporting to Dublin Core...

SOUTHVILLE LIBRARY

Southville International School and Colleges Library

1281 Tropical Ave. Cor. Luxembourg St., BF Homes International, Las Pinas City

Tel. No. 8256374 / 252358 Loc. 117/146

Powered by Koha